00521nam a2200193 a 4500001001300000003000900013005001700022008004100039020002300080082001600103100001900119245006700138260003100205300000900236500003500245505001000280650001800290700001900308nice12345678IN_TiNIC20260116012732.0050524s1991 newa grp 000 0 eng  a8185024 c25000a922.97bMUH aMuhammad, Shan aRight Honourable Syed Ameer Alib Personality and Achievements aNew DelhibUppal Pubc1991 a268p aincludes index and biblioraphy2 aindex aSyed Amir Ali1 aMuhammad, Shan